<?xml version="1.0" encoding="UTF-8"?>
<marc:record xmlns:marc="http://www.loc.gov/MARC21/slim">
   <marc:leader>00000nam a2200000 a 4500</marc:leader>
   <marc:datafield ind1="1" ind2=" " tag="100">
      <marc:subfield code="a">Meyer, Kai</marc:subfield>
      <marc:subfield code="4">aut</marc:subfield>
      <marc:subfield code="e">Verfasser/-in</marc:subfield>
   </marc:datafield>
   <marc:datafield ind1="0" ind2="0" tag="245">
      <marc:subfield code="a">Die Seiten der Welt - Blutbuch Bd.3</marc:subfield>
   </marc:datafield>
   <marc:datafield ind1="0" ind2="0" tag="245">
      <marc:subfield code="c">Kai Meyer</marc:subfield>
   </marc:datafield>
   <marc:datafield ind1=" " ind2="1" tag="264">
      <marc:subfield code="a">Frankfurt am Main</marc:subfield>
      <marc:subfield code="b">Fischer FJB</marc:subfield>
      <marc:subfield code="c">2016</marc:subfield>
   </marc:datafield>
   <marc:datafield ind1="1" ind2=" " tag="520">
      <marc:subfield code="a">„Schreibe etwas in den Büchern der Schöpfung um, und du veränderst die Vergangenheit. Und mit ihr die Gegenwart und Zukunft. Furia, du hast die Macht, diese Welt zu einer besseren zu machen. Wer schlägt so eine Chance aus?“&lt;br/&gt;„Ich“, sagte sie.&lt;br/&gt;&lt;br/&gt; Das Sanktuarium ist untergegangen, aber schon wird die bibliomantische Welt von einer neuen, übermächtigen Gefahr bedroht. Die Ideen steigen aus dem goldenen Abgrund zwischen den Seiten der Welt auf und verschlingen ein Refugium nach dem anderen. Bald ahnt Furia, dass sie die einzige ist, die die Vernichtung der Welt aufhalten kann und dass sie dafür einen sehr hohen Preis zahlen muss. Doch ist sie dazu bereit?</marc:subfield>
   </marc:datafield>
   <marc:datafield ind1=" " ind2=" " tag="020">
      <marc:subfield code="a">9783841402264</marc:subfield>
      <marc:subfield code="9">9783841402264</marc:subfield>
   </marc:datafield>
   <marc:datafield ind1=" " ind2=" " tag="041">
      <marc:subfield code="a">ger</marc:subfield>
   </marc:datafield>
   <marc:datafield ind1="1" ind2=" " tag="521">
      <marc:subfield code="a">0</marc:subfield>
   </marc:datafield>
   <marc:datafield ind1=" " ind2=" " tag="300">
      <marc:subfield code="a">522 S.</marc:subfield>
   </marc:datafield>
</marc:record>
